000 00560nam a2200241 a 4500
001 nice12345678
003 IN_TiNIC
005 20260116012541.0
008 050524s1933 lona grp 000 0 eng
020 _a
_c100
082 0 0 _a242
_bSHO
100 _aShoemaker, S M
245 _aRealizing Religion
260 _aLondon
_bNisbet and Co.
_c1933
300 _a124p
500 _aincludes index and biblioraphy
505 2 _aIndex
650 _aDevotions-Christian
700 1 _aShoemaker, S M
902 _bSRS
942 _cBK
999 _c7435
_d7435